LIBRARY ONLINE CATALOGUE

Data management : (Record no. 2968)

MARC details
000 -LEADER
fixed length control field 00624nam a22002172 4500
001 - CONTROL NUMBER
control field 0000005772
005 - DATE AND TIME OF LATEST TRANSACTION
control field 20151217145825.0
008 - FIXED-LENGTH DATA ELEMENTS--GENERAL INFORMATION
fixed length control field 070717s xx 000 0 eng d
020 ## - INTERNATIONAL STANDARD BOOK NUMBER
International Standard Book Number 9814126373 :
Terms of availability KES 900
040 ## - CATALOGING SOURCE
Original cataloging agency KABU
Transcribing agency KABU
050 #0 - LIBRARY OF CONGRESS CALL NUMBER
Classification number QA76.9
Item number .D3W37 2002
100 1# - MAIN ENTRY--PERSONAL NAME
Personal name Watson, Richard T.
-- 0000154995
245 10 - TITLE STATEMENT
Title Data management :
Remainder of title databases and organizations.
250 ## - EDITION STATEMENT
Edition statement 3rd ed.
260 ## - PUBLICATION, DISTRIBUTION, ETC. (IMPRINT)
Place of publication, distribution, etc. New Delhi :
Name of publisher, distributor, etc. John Wiley,
Date of publication, distribution, etc. 2002.
300 ## - PHYSICAL DESCRIPTION
Extent xvi, 595 p.
650 #0 - SUBJECT ADDED ENTRY--TOPICAL TERM
Topical term or geographic name as entry element Database management.
-- 0000148184
908 ## - PUT COMMAND PARAMETER (RLIN)
Put command parameter 070717
950 ## - LOCAL HOLDINGS (RLIN)
-- 1
Holdings
Withdrawn status Lost status Source of classification or shelving scheme Not for loan Home library Current library Date acquired Total Checkouts Full call number Barcode Date last seen Date last checked out Price effective from Koha item type
    Library of Congress Classification   Kabarak, Main Campus Kabarak, Main Campus 17/12/2015 5 QA76.9 .D3W37 2002 008157 17/03/2020 13/03/2020 17/12/2015 General Collection